| 000 | 02085cam a22004577a 4500 | ||
|---|---|---|---|
| 003 | CHAP | ||
| 005 | 20220329135425.0 | ||
| 008 | 971013s r 00010 d | ||
| 010 | _a36227 | ||
| 011 | _a37199 | ||
| 035 | _a41318 | ||
| 040 | _cCHAP | ||
| 082 |
_a633.73 _bP3 |
||
| 100 | 0 | 0 |
_aPan American Coffee Bureau. _985044 |
| 245 | 0 | _aAnnual coffee statistics | |
| 260 |
_aNew York : _bThe Pan-American Coffe, _c19- |
||
| 300 | _av. | ||
| 500 | _aLa biblioteca tiene: v.21-23 (1957-1959), v.25-27 (1961-9163), v.30 (1966), v.33-35 (1969-1971), v.38 (1974) | ||
| 590 |
_aBATCH-UPD _b10 _c20130110 _lUCH01 _h2120 |
||
| 590 |
_aBATCH-UPD _b10 _c20130410 _lUCH01 _h1430 |
||
| 590 |
_aBATCH-UPD _b10 _c20130914 _lUCH01 _h0810 |
||
| 590 |
_aCONVERSION _b10 _c20130109 _lUCH01 _h1320 |
||
| 650 | 1 | 4 |
_aCafĂ© _xEstadĂsticas. _917142 |
| 901 | _aBK | ||
| 942 | _cLIBRO | ||
| 949 |
_a633.73 P3 _bBC _cC _d-94543 _eC _fv.21 (1957) _h22814 _i41318 _mD _si |
||
| 949 |
_a633.73 P3 _bBC _cC _d-96036 _eC _fv.21 (1957) c.2 _h22815 _i41318 _mD _si |
||
| 949 |
_a633.73 P3 _bBC _cC _d-96037 _eC _fv.22 (1958) _h22816 _i41318 _mD _si |
||
| 949 |
_a633.73 P3 _bBC _cC _d-96038 _eC _fv.22 (1958) c.2 _h22817 _i41318 _mD _si |
||
| 949 |
_a633.73 P3 _bBC _cC _d-96039 _eC _fv.23 (1959) _h22818 _i41318 _mD _si |
||
| 949 |
_a633.73 P3 _bBC _cC _d-96040 _eC _fv.23 (1959) c.2 _h22819 _i41318 _mD _si |
||
| 949 |
_a633.73 P3 _bBC _cC _d-96041 _eC _fv.25 (1961) _h22820 _i41318 _mD _si |
||
| 949 |
_a633.73 P3 _bBC _cC _d-96042 _eC _fv.25 (1961) c.2 _h22821 _i41318 _mD _si |
||
| 949 |
_a633.73 P3 _bBC _cC _d33724000571253 _eC _fv.26 (1962) _h25973 _i41318 _mD _si |
||
| 949 |
_a633.73 P3 _bBC _cC _d33724000653879 _eC _fv.35 (1971) _h9816 _i41318 _mD _si |
||
| 949 |
_a633.73 P3 _bBC _cC _d33724000653887 _eC _fv.34 (1970) _h9815 _i41318 _mD _si |
||
| 949 |
_a633.73 P3 _bBC _cC _d33724000653903 _eC _fv.38 (1974) _h37849 _i41318 _mD _si |
||
| 949 |
_a633.73 P3 _bBC _cC _d33724000653911 _eC _fv.33 (1969) _h28125 _i41318 _mD _si |
||
| 949 |
_a633.73 P3 _bBC _cC _d33724000653929 _eC _fv.27 (1963) _h25973 _i41318 _mD _si |
||
| 949 |
_a633.73 P3 _bBC _cC _d33724000653937 _eC _fv.30 (1966) _h11856 _i41318 _mD _si |
||
| 999 |
_c36227 _d36227 |
||